MDQL
is popping MORE tags! Check the
thread
!
Quizzes
Events
Quiz Creation
Community
Videos
Private Events
Remove Ads
Sign In
Join for FREE
Feedback
Dark Mode
Quiz Categories
Sports
Geography
Music
Movies
Television
Just For Fun
Miscellaneous
History
Literature
Language
Science
Gaming
Entertainment
Religion
Holiday
For Kids
Quiz Lab
Recent
Popular Today
Quiz Kudos Today
Editor Picks
Curator Picks
Quizzes by...
Day
Popularity
Type
Ratings
Length
Year
Community
Subscriptions
Recent Discussions
Orange Saloon
Badges
Playlists
Quests
Create
Leaderboards
Showdown
Live 5
Trivia Bingo
Activity
Puzzle Library
Sporcle Events
Private Events
Virtual Trivia
Globe League
Become a Host
Pub Owners
SporcleCon
Opinionation
Our Games
Videos
Blog
Mobile Apps
Partnerships
Remove Ads and Go Orange
Feedback
Miscellaneous
Crossword
General Knowledge
Baby Names
Logo
Food
Cars
Numbers
Grab Bag
University
College
Popular
Company
Slogans
Restaurants
Justice
Letter
Miscellaneous
Crossword
General Knowledge
Baby Names
Logo
Food
Cars
Numbers
Grab Bag
University
College
Popular
Company
Slogans
Restaurants
Justice
Letter
Random Quiz
Search Sporcle
×
Quiz Lab
Quiz Lab
Miscellaneous
Anime
Type in answers that appear in a list
Type in answers that appear in a list
Classic
Best Score? Go Orange.
Name That Anime! Stats
Can you name the Name That Anime based of the character names?
By
Hannab4343
15m
60 Questions
380 Plays
380 Plays
380 Plays
Comments
Comments
Give Quiz Kudos
Give Quiz Kudos
-
- Ratings
hide this ad
More Info
Random Order
Randomize order of answers
Randomize order of answers
Replay
Link that replays current quiz
Next Quiz
Link to next quiz in quiz playlist
You Got
0%
They Got
Avg Score
36%
Avg Friend Score
Upgrade to see
Score Distribution
Jump to the score distribution portion of the page
Score
0/60
Timer
15:00
0
Plays Today
Characters
Anime
% Correct
Naruto, Sakura, Sasuke
Naruto
94.7%
Light, L, Misa
Death Note
94.2%
Edward, Alphonse
FMA
89.5%
Natsu, Lucy, Erza
Fairy Tail
88.9%
Mikasa, Eren, Armin
Shingeki no Kyojin
88.7%
Maka, Black Star, Death the Kid
Soul Eater
86.1%
Kirito, Asuna, Yui
Sword Art Online
85.5%
Lelouch, CC, Suzaku
Code Geass
84.7%
Ichigo, Orihime, Uryuu
Bleach
84.7%
Sebastian, Ciel, Grell
Kuroshitsuji
82.4%
Spike, Jet, Faye
Cowboy Bebop
74.2%
Gon, Kurapika, Killua
Hunter x Hunter
73.2%
Ryuuji, Taiga, Ami
Toradora!
60.3%
Haruhi, Tamaki, Kyouya
Ouran High School Host Club
59.2%
Homura, Sayaka, Madoka
Mahou Shoujo Madoka Magica
53.7%
Izaya, Mikado, Masaomi
Durarara!!
53.4%
Nagisa, Tomoya, Youhei
Clannad
52.4%
Yuri, Kanade, Yuzuru
Angel Beats!
48.2%
Yuuki, Kaname, Zero
Vampire Knight
47.9%
Haku, Chihiro, Yubaba
Spirited Away
47.4%
Kurisu, Okabe, Mayuri
Steins;Gate
42.9%
Nona, Ginti, Decim
Death Parade
42.9%
Hei, Yin, Mao
Darker than Black
37.6%
Kousei, Kaori, Tsubaki
Shigatsu wa Kimi no Uso
37.1%
Mei, Kouichi, Izumi
Another
31.6%
Isaac, Ennis, Firo
Baccano
31.3%
Lain, Masami, Mika
Serial Experiments Lain
31.3%
Nine, Twelve, Lisa
Zankyou no Terror
31.3%
Takumi, Misaki, Aoi
Kaichou wa Maid-Sama
29.7%
Rika, Rena, Keiichi
Higurashi
23.9%
Characters
Anime
% Correct
Kou, Futaba, Aya
Blue Spring Ride
23.4%
Jinta, Meiko, Naruko
Anohana
22.9%
Akihito, Mirai, Mitsuki
Kyoukai no Kanata
22.4%
Hana, Yuki, Ame
Wolf Children
21.3%
Madara, Natsume, Kogitsume
Natsume Yuujinchou
20.5%
Ginko, Jin, Setsu
Mushishi
20%
Yamato, Mei, Megumi
Say I Love You
19.2%
Haru, Shizuku, Kenji
Tonari no Kaibutsu-kun
15.3%
Yui, Reiji, Ayato
Diabolik Lovers
15%
Makoto, Kyouko, Chihiro
Danganronpa
14.5%
Sunako, Kyouhei, Ranmaru
The Wallflower
14.2%
Ryouma, Izumi, Rei
Love Stage!!
13.9%
Ukyo, Ikki, Orion
Amnesia
13.7%
Kurumi, Haru, Ryuu
Haru
13.7%
Hikari, Manaka, Tsumugu
Nagi no Asukara
13.4%
Haruko, Mamimi, Naota
FLCL
12.6%
Gin, Hotaru
Hotarubi no Mori e
11.8%
Kyouya, Erika, Nozomi
Ookami Shoujo to Kuro Ouji
11.3%
Apollon, Balder, Yui
Kamigami no Asobi
10%
Ahiru, Mytho, Fakir
Princess TuTu
9.2%
Tsubaki, Azusa, Ukyo
Brothers Conflict
8.9%
Yoshifumi, Himeko, Iori
Kokoro Connect
8.7%
Daikichi, Rin, Kouki
Usagi Drop
8.4%
Makoto, Chiaki, Kousuke
The Girl Who Leapt Through Time
8.2%
Saki, Akira, Kazuomi
Eden of the East
6.8%
Kuranosuke, Tsukimi, Chieko
Kuragehime
6.1%
Shintarou, Momo, Tsubomi
Mekakucity Actors
5.8%
Kotoko, Naoki, Kinnosuke
Itazura na Kiss
3.9%
Toshinari, Rumi
Tonari no Seki-kun
3.2%
Isao, Chizuru, Kana
Bokurano
2.6%
Quiz Playlist
Details
Report
Send in Message
Add To Playlist
More Info:
Includes both Shows and Movies
Classic:
Type in answers that appear in a list
Random Order:
Randomize order of answers
Last Updated: Feb 16, 2017
Quiz Scoreboard
CHALLENGE
Sign Up to Join the Scoreboard
Show All
Scores
Hide
Comments
May contain spoilers
Recently Published
Street Fighter Characters
by Artimus82
Gaming
60s
9x9 Crossword: Cartoon Network
by jackfrog10
Miscellaneous
3m
College Basketball Coaching Resumes
by pancakes188
Sports
9m
More to Explore
Quiz From the Vault
Featured Blog Post
Where Did the Easter Bunny Come From?
hide this ad
You Might Also Like...
Tags
Anime Quiz
Character
Today's Top Quizzes in Miscellaneous
Browse Miscellaneous
hide this ad
Today's Top Quizzes in Anime
Browse Anime
Top Contributed Quizzes in Miscellaneous
1
5-to-1: Fast Food
2
The JOE quick-fire general knowledge quiz: Day 174
3
The JOE quick-fire general knowledge quiz: Day 173
4
5-to-1: Cocktails
5
The JOE quick-fire general knowledge quiz: Day 172
6
9x9 Crossword: Disney Movie Titles
7
Sunday Crossword: Famous Bodies of Water
8
9x9 Crossword: Charlie and the Chocolate Factory
9
The JOE quick-fire general knowledge quiz: Day 171
10
One Thing in Common: United Kingdom II
Explore More
Trending Topics
NBA
Disney
Crossword
Harry Potter
Marvel
Anime
Kpop
NFL
Country
WWE
Puzzle
Pokémon
The Office
Soccer
Song
hide this ad
More By:
Hannab4343
Quiz
Plays
Rating
Category
Featured
Created
Name That Anime!
380
4.50
Miscellaneous
Feb 19, 2015
Go to Creator's Profile
Score Distribution
Quiz Creator Spotlight
Hannab4343
Follow
Send a Message
Quizzes Created
-
Created Quiz Play Count
-
More By This Creator
Popular Quizzes Today
1
Find the US States - No Outlines Minefield
2
Find the Countries of Europe - No Outlines Minefield
3
The Countries of the World
4
Find the US States
5
Risky Map Clicking: Biggest States A-Z
6
US States
7
Popular People in 1961
8
Movies - When Are They Set?
More Miscellaneous Quizzes
Missing Middle Names
Quiz Lab
Trending Quizzes
Risky Map Clicking: Least Populous States A-Z
Countries of the World: 200 Million BC
1-10 Letter G Words
Risky Map Clicking: Next State Alphabetically
Adjectives in 80s TV Shows
Recently Updated
Leaping Animals
pecheneg
Reality TV Shows (A-Z)
bhenderson79
Rickey Henderson's Hall of Fame Teammates
pecheneg
Champions League XIs: Arsenal
pecheneg
Quick Pick: Celebrities in WWE's Hall of Fame
aduchscher
A-Z Keypad Blitz II
pecheneg
Multiple Oscar Actors
pecheneg
Mystery Phrase Blitz: Oscar 'Best Actors'
pecheneg
F. Scott Fitzgerald Novels
LTH
Pick 3 Villains
ddd62291
Trending Topics
NBA
Marvel
Kpop
Crossword
Disney
Anime
Harry Potter
Song
WWE
Puzzle
Pokémon
Soccer
NFL
Country
The Office
Your Account Isn't Verified!
In order to create a playlist on Sporcle, you need to verify the email address you used during registration. Go to your
Sporcle Settings
to finish the process.
Report this User
Report this user for behavior that violates our
Community Guidelines
.
Details:
Send Report
Go to the Sporcle.com Mobile Site →
Comments